[Event "RF-2023-0-00527"]
[Site "LSS email"]
[Date "2023.02.14"]
[Round "?"]
[White "Jurik, Jimmy"]
[Black "Cayer, Jean"]
[Result "1/2-1/2"]
[WhiteElo "1133"]
[BlackElo "1123"]
[PlyCount "117"]
[EventDate "2022.09.23"]
[EventType "tourn (corr)"]
[EventRounds "6"]
[EventCountry "GER"]
[SourceTitle "Corr 2024"]
[Source "ChessBase"]
[SourceDate "2023.10.19"]
[SourceVersion "1"]
[SourceVersionDate "2023.10.19"]
[SourceQuality "1"]

1. c4 Nf6 2. Nc3 d5 3. cxd5 Nxd5 4. g3 e5 5. Bg2 Nb6 6. Nf3 Nc6 7. 0-0 Be7 8. d3 0-0 9. a3 Be6 10. b4 a5 11. b5 Nd4 12. Bb2 Bb3 13. Qc1 Na4 14. Nxd4 exd4 15. Nxa4 Bxa4 16. Bxb7 Rb8 17. Bc6 Bxb5 18. Rb1 Bxc6 19. Qxc6 Rb6 20. Qa4 c5 21. Qxa5 Qd6 22. Rfc1 h6 23. Qd2 Qd5 24. Ba1 Ra6 25. e4 dxe3 26. Qxe3 Re6 27. Qd2 Bg5 28. Qc3 Bf6 29. Qc4 Qxc4 30. Rxc4 Bxa1 31. Rxa1 Rd8 32. a4 Rxd3 33. a5 Rc6 34. a6 Rd8 35. a7 Ra8 36. Kf1 Rc7 37. Rca4 c4 38. Ke2 Rd7 39. R1a2 c3 40. h4 h5 41. f3 c2 42. Rxc2 Rdxa7 43. Rc8+ Rxc8 44. Rxa7 g6 45. Ke3 Kg7 46. Rd7 Re8+ 47. Kf4 Re1 48. Rb7 Re6 49. Rd7 Rf6+ 50. Ke4 Re6+ 51. Kf4 Rf6+ 52. Ke3 Re6+ 53. Kf2 Kf6 54. g4 hxg4 55. fxg4 Kg7 56. g5 Re4 57. Kg3 Rc4 58. Re7 Rc3+ 59. Kg4 1/2-1/2

[Event "RF-2023-0-00527"]
[Site "LSS email"]
[Date "2023.02.14"]
[Round "?"]
[White "Pehl, Ferenc"]
[Black "Cayer, Jean"]
[Result "0-1"]
[WhiteElo "1079"]
[BlackElo "1123"]
[PlyCount "76"]
[EventDate "2022.09.23"]
[EventType "tourn (corr)"]
[EventRounds "6"]
[EventCountry "GER"]
[SourceTitle "Corr 2024"]
[Source "ChessBase"]
[SourceDate "2023.10.19"]
[SourceVersion "1"]
[SourceVersionDate "2023.10.19"]
[SourceQuality "1"]

1. e4 e5 2. Nf3 Nc6 3. Bb5 a6 4. Ba4 Nf6 5. 0-0 Be7 6. Re1 b5 7. Bb3 d6 8. a3 0-0 9. h3 Na5 10. c3 Nxb3 11. Qxb3 Be6 12. Qc2 c5 13. d3 h6 14. Be3 Nd7 15. Nbd2 f5 16. Nf1 f4 17. Bd2 Qe8 18. N1h2 Qg6 19. Kh1 h5 20. Rg1 Rf6 21. Nh4 Qf7 22. N2f3 Rh6 23. Nh2 Bxh4 24. Raf1 Be7 25. f3 Rf8 26. Bc1 Bh4 27. Qe2 Bg3 28. Bd2 d5 29. Be1 d4 30. cxd4 cxd4 31. Bf2 Nc5 32. b4 Nxd3 33. Qxd3 Bc4 34. Qd1 Bxf1 35. Rxf1 Bxf2 36. Rxf2 Rc8 37. Rc2 Rhc6 38. Rxc6 Rxc6 0-1

[Event "LSS No Engine Cup 222 Preliminary 0"]
[Site "LSS email"]
[Date "2021.10.23"]
[Round "?"]
[White "Cayer, Jean"]
[Black "Schleef, Harald"]
[Result "0-1"]
[WhiteElo "1291"]
[BlackElo "2377"]
[PlyCount "57"]
[EventDate "2021.10.23"]
[EventType "tourn (corr)"]
[EventRounds "6"]
[EventCountry "GER"]
[SourceTitle "Corr 2024"]
[Source "ChessBase"]
[SourceDate "2023.10.19"]
[SourceVersion "1"]
[SourceVersionDate "2023.10.19"]
[SourceQuality "1"]

1. d4 d5 2. Bf4 c5 3. e3 cxd4 4. exd4 Nc6 5. c3 Bf5 6. Nf3 e6 7. Bd3 Nge7 8. 0-0 Qb6 9. b3 Qd8 10. Re1 Bxd3 11. Qxd3 Ng6 12. Bg3 Be7 13. Nbd2 Rc8 14. b4 0-0 15. h4 Nxh4 16. Bxh4 Bxh4 17. Nxh4 Qxh4 18. Nf3 Qd8 19. b5 Ne7 20. a4 Qa5 21. Ra3 h6 22. Ne5 Nf5 23. Nd7 Rfe8 24. Nc5 Nd6 25. Qg3 Qc7 26. Re3 Nc4 27. Qxc7 Rxc7 28. Rb3 Nxe3 29. fxe3 0-1

[Event "LSS No Engine Cup 222 Preliminary 0"]
[Site "LSS email"]
[Date "2021.10.23"]
[Round "?"]
[White "Lombardi, Donato"]
[Black "Cayer, Jean"]
[Result "0-1"]
[WhiteElo "1089"]
[BlackElo "1291"]
[PlyCount "42"]
[EventDate "2021.10.23"]
[EventType "tourn (corr)"]
[EventRounds "6"]
[EventCountry "GER"]
[SourceTitle "Corr 2024"]
[Source "ChessBase"]
[SourceDate "2023.10.19"]
[SourceVersion "1"]
[SourceVersionDate "2023.10.19"]
[SourceQuality "1"]

1. e4 e5 2. Nf3 Nc6 3. d4 exd4 4. Nxd4 Bc5 5. Be3 Qf6 6. c3 Nge7 7. Be2 d5 8. exd5 Nxd5 9. 0-0 0-0 10. Bf3 Nxe3 11. fxe3 Qh6 12. Bxc6 bxc6 13. Qf3 Rb8 14. b3 Bd6 15. h3 c5 16. Ne2 Bb7 17. e4 f5 18. Qe3 Qxe3+ 19. Rf2 fxe4 20. Na3 Qxf2+ 21. Kh1 Qxe2 0-1

[Event "LSS No Engine Cup 220 Preliminary 0"]
[Site "LSS email"]
[Date "2021.08.26"]
[Round "?"]
[White "Ramponelli, Roberto"]
[Black "Cayer, Jean"]
[Result "0-1"]
[WhiteElo "1651"]
[BlackElo "1276"]
[PlyCount "42"]
[EventDate "2021.08.26"]
[EventType "tourn (corr)"]
[EventRounds "6"]
[EventCountry "GER"]
[SourceTitle "Corr 2024"]
[Source "ChessBase"]
[SourceDate "2023.10.19"]
[SourceVersion "1"]
[SourceVersionDate "2023.10.19"]
[SourceQuality "1"]

1. Nf3 d5 2. g3 Bg4 3. Bg2 Nd7 4. c4 Ngf6 5. b3 c6 6. Bb2 e6 7. d3 Be7 8. Nbd2 0-0 9. 0-0 h6 10. Rc1 Rc8 11. Rc2 Qa5 12. Qa1 Nc5 13. a3 Qc7 14. Re1 a6 15. Ne5 b5 16. Nxg4 Nxg4 17. cxd5 exd5 18. b4 Ne6 19. Bxd5 Qb6 20. Bg2 Qxf2+ 21. Kh1 Ne3 0-1

[Event "LSS No Engine Cup 184 Preliminary 0"]
[Site "LSS email"]
[Date "2018.12.02"]
[Round "?"]
[White "Cayer, Jean"]
[Black "Svrsek Jr, Radomir"]
[Result "0-1"]
[WhiteElo "1284"]
[BlackElo "1714"]
[PlyCount "47"]
[EventDate "2018.12.03"]
[EventType "tourn (corr)"]
[EventRounds "6"]
[EventCountry "GER"]
[SourceTitle "Corr 2022"]
[Source "ChessBase"]
[SourceDate "2021.10.24"]
[SourceVersion "1"]
[SourceVersionDate "2021.10.24"]
[SourceQuality "1"]

1. d4 d5 2. Bf4 e6 3. e3 Nf6 4. Nd2 Nc6 5. c3 Bd6 6. Bg3 Bxg3 7. hxg3 0-0 8. Bd3 h6 9. Ngf3 a6 10. Ne5 Nd7 11. Nxc6 bxc6 12. f4 c5 13. Qg4 c4 14. Bc2 f5 15. Qh4 Nf6 16. Nf3 Bd7 17. Ne5 Rb8 18. 0-0-0 Be8 19. Kb1 Bh5 20. g4 Bxg4 21. Rc1 Qd6 22. Ka1 Rxb2 23. Kxb2 Rb8+ 24. Ka1 0-1

[Event "LSS No Engine Cup 184 Preliminary 0"]
[Site "LSS email"]
[Date "2018.12.02"]
[Round "?"]
[White "Wakeham, Marc R"]
[Black "Cayer, Jean"]
[Result "0-1"]
[WhiteElo "1068"]
[BlackElo "1284"]
[PlyCount "52"]
[EventDate "2018.12.03"]
[EventType "tourn (corr)"]
[EventRounds "6"]
[EventCountry "GER"]
[SourceTitle "Corr 2022"]
[Source "ChessBase"]
[SourceDate "2021.10.24"]
[SourceVersion "1"]
[SourceVersionDate "2021.10.24"]
[SourceQuality "1"]

1. e4 e5 2. Nf3 Nf6 3. Nxe5 d6 4. Nf3 Nxe4 5. d3 Nc5 6. Be2 Be7 7. 0-0 0-0 8. Nd4 Nc6 9. Nxc6 bxc6 10. Be3 Bg5 11. Bxc5 dxc5 12. Bf3 Qd4 13. Nc3 Qh4 14. Ne4 Be7 15. Ng3 Qh6 16. Re1 Bd6 17. Qc1 Bf4 18. Qd1 Bd7 19. Bg4 Be6 20. Bxe6 fxe6 21. h3 Bxg3 22. fxg3 Qf6 23. c3 Qf2+ 24. Kh2 Qxb2 25. Rb1 Qxa2 26. Rxe6 Qxe6 0-1

[Event "LSS No Engine Cup 183 Preliminary 0"]
[Site "LSS email"]
[Date "2018.10.05"]
[Round "?"]
[White "Cayer, Jean"]
[Black "Endean, Andrew"]
[Result "1/2-1/2"]
[WhiteElo "1291"]
[BlackElo "1911"]
[PlyCount "43"]
[EventDate "2018.10.06"]
[EventType "tourn (corr)"]
[EventRounds "6"]
[EventCountry "GER"]
[SourceTitle "Corr 2022"]
[Source "ChessBase"]
[SourceDate "2021.10.24"]
[SourceVersion "1"]
[SourceVersionDate "2021.10.24"]
[SourceQuality "1"]

1. d4 d5 2. Bf4 Nf6 3. e3 e6 4. Nd2 Bd6 5. Bg3 0-0 6. Bd3 c5 7. c3 Nc6 8. Ngf3 b6 9. Ne5 Bb7 10. f4 Rc8 11. Bh4 Be7 12. Qf3 h6 13. g4 Nh7 14. Bxe7 Qxe7 15. Nxc6 Bxc6 16. h4 Kh8 17. g5 f5 18. Qg3 cxd4 19. exd4 h5 20. Nf3 g6 21. Ne5 Be8 22. 0-0 1/2-1/2

[Event "LSS No Engine Cup 138 Preliminary 0"]
[Site "LSS email"]
[Date "2015.09.09"]
[Round "?"]
[White "Cayer, Jean"]
[Black "Vogel, Helmut"]
[Result "0-1"]
[WhiteElo "1600"]
[BlackElo "1882"]
[PlyCount "72"]
[EventDate "2015.09.10"]
[EventType "tourn (corr)"]
[EventRounds "6"]
[EventCountry "GER"]
[SourceTitle "Corr 2022"]
[Source "ChessBase"]
[SourceDate "2021.10.24"]
[SourceVersion "1"]
[SourceVersionDate "2021.10.24"]
[SourceQuality "1"]

1. e4 e5 2. Nf3 Nc6 3. Bc4 Bc5 4. c3 Nf6 5. d4 exd4 6. e5 d5 7. exf6 dxc4 8. fxg7 Rg8 9. Bh6 Qe7+ 10. Qe2 d3 11. Qxe7+ Nxe7 12. 0-0 Nf5 13. Re1+ Be6 14. Bg5 Rxg7 15. Nbd2 Kf8 16. Be3 Nxe3 17. fxe3 Ke7 18. b4 Bd6 19. Nd4 Be5 20. N2f3 Bxd4 21. exd4 Kd6 22. Nd2 c6 23. Ne4+ Kc7 24. Nd2 b6 25. a3 a5 26. g3 Kd7 27. Kf2 h5 28. Rxe6 Kxe6 29. Nxc4 axb4 30. cxb4 b5 31. Nd2 Rg4 32. Ke3 Kd5 33. Kxd3 Rxd4+ 34. Kc3 Re8 35. Kc2 Re2 36. Rd1 Rxh2 0-1

[Event "LSS No Engine Cup 138 Preliminary 0"]
[Site "LSS email"]
[Date "2015.09.09"]
[Round "?"]
[White "Wakeham, Marc R"]
[Black "Cayer, Jean"]
[Result "0-1"]
[WhiteElo "1075"]
[BlackElo "1600"]
[PlyCount "22"]
[EventDate "2015.09.10"]
[EventType "tourn (corr)"]
[EventRounds "6"]
[EventCountry "GER"]
[SourceTitle "Corr 2022"]
[Source "ChessBase"]
[SourceDate "2021.10.24"]
[SourceVersion "1"]
[SourceVersionDate "2021.10.24"]
[SourceQuality "1"]

1. e4 e5 2. Nf3 Nf6 3. Nxe5 d6 4. Nxf7 Kxf7 5. d4 c5 6. dxc5 Nc6 7. Bc4+ Be6 8. Bxe6+ Kxe6 9. 0-0 dxc5 10. Qf3 Nd4 11. Qc3 Ne2+ 0-1

[Event "RF-2012-0-00121"]
[Site "LSS email"]
[Date "2012.07.01"]
[Round "?"]
[White "Cayer, Jean"]
[Black "Slavin, Pablo"]
[Result "1-0"]
[WhiteElo "1027"]
[BlackElo "1069"]
[PlyCount "87"]
[EventDate "2012.05.17"]
[EventType "tourn (corr)"]
[EventRounds "6"]
[EventCountry "GER"]
[SourceTitle "Telechess CBM 165"]
[Source "ChessBase"]
[SourceDate "2015.03.11"]
[SourceVersion "1"]
[SourceVersionDate "2015.03.11"]
[SourceQuality "1"]

1. e4 e5 2. Nf3 Nc6 3. Bc4 Nf6 4. d3 Bc5 5. c3 h6 6. 0-0 0-0 7. d4 exd4 8. cxd4 Bb6 9. d5 Na5 10. Bd3 c5 11. d6 Nc6 12. e5 Ng4 13. Bf4 Re8 14. Qe1 f6 15. Qe4 Ngxe5 16. Qh7+ Kf7 17. Nxe5+ Rxe5 18. Bg6+ Ke6 19. Nc3 Kxd6 20. Nb5+ Ke6 21. Bxe5 Nxe5 22. Bf5+ Kf7 23. Nd6+ Ke7 24. Rad1 Qf8 25. Rfe1 Bc7 26. f4 Bxd6 27. fxe5 Bxe5 28. b3 d6 29. Bxc8 Rxc8 30. Qe4 Rc6 31. b4 cxb4 32. Qxb4 Qc8 33. Qa3 Ra6 34. Rc1 Qd8 35. Qf3 Qb6+ 36. Kh1 Rxa2 37. Qg4 Ra5 38. Qxg7+ Ke6 39. Qg8+ Ke7 40. Qg7+ Ke6 41. Rc8 Ra1 42. Qg8+ Kf5 43. g4+ Kf4 44. Rc4+ 1-0

[Event "RN-2012-0-00480"]
[Site "LSS email"]
[Date "2012.05.11"]
[Round "?"]
[White "Cayer, Jean"]
[Black "Bortnicker, Justin"]
[Result "1-0"]
[WhiteElo "959"]
[BlackElo "896"]
[PlyCount "57"]
[EventDate "2012.05.01"]
[EventType "tourn (corr)"]
[EventRounds "6"]
[EventCountry "GER"]
[SourceTitle "Corr 2015"]
[Source "ChessBase"]
[SourceDate "2015.07.17"]
[SourceVersion "1"]
[SourceVersionDate "2015.07.17"]
[SourceQuality "1"]

1. e4 e5 2. Nf3 Nc6 3. Bc4 Be7 4. d4 Nxd4 5. Bxf7+ Kxf7 6. Nxe5+ Kf8 7. Qxd4 d6 8. Nf3 c5 9. Qd3 Bf6 10. 0-0 Nh6 11. Nc3 Ng4 12. Nd5 Ne5 13. Nxe5 Bxe5 14. c3 Ke8 15. Qf3 g6 16. h3 Rf8 17. Qd3 Rf7 18. Bh6 Be6 19. f4 Bh8 20. Kh1 Qd7 21. Rae1 b5 22. c4 bxc4 23. Qxc4 Bxh3 24. f5 Bg4 25. fxg6 Rxf1+ 26. Rxf1 Qc6 27. Rf8+ Kd7 28. Rf7+ Kc8 29. Ne7+ 1-0

[Event "RN-2012-0-00480"]
[Site "LSS email"]
[Date "2012.05.11"]
[Round "?"]
[White "Cayer, Jean"]
[Black "Venturas, Bob"]
[Result "1-0"]
[WhiteElo "959"]
[BlackElo "810"]
[PlyCount "71"]
[EventDate "2012.05.01"]
[EventType "tourn (corr)"]
[EventRounds "6"]
[EventCountry "GER"]
[SourceTitle "Corr 2015"]
[Source "ChessBase"]
[SourceDate "2015.07.17"]
[SourceVersion "1"]
[SourceVersionDate "2015.07.17"]
[SourceQuality "1"]

1. e4 e5 2. Nf3 Nc6 3. Bc4 h6 4. Nc3 Bc5 5. 0-0 Nf6 6. d3 d6 7. Be3 Bb6 8. Nd5 0-0 9. c3 a6 10. Nxb6 cxb6 11. d4 Nxe4 12. dxe5 dxe5 13. Qxd8 Rxd8 14. Bxb6 Rd6 15. Rad1 Rxd1 16. Rxd1 Be6 17. Bd5 a5 18. Bxe4 Bxa2 19. Bxc6 bxc6 20. Nxe5 Rb8 21. Rd8+ Rxd8 22. Bxd8 c5 23. Bxa5 c4 24. f4 f6 25. Nf3 Kf7 26. Kf2 Ke6 27. Ke3 Kd5 28. Bb4 g6 29. Nh4 Bb1 30. g4 Bc2 31. f5 g5 32. Ng6 Bd1 33. h3 h5 34. gxh5 Bxh5 35. Be7 g4 36. Nf4+ 1-0

[Event "RN-2012-0-00480"]
[Site "LSS email"]
[Date "2012.05.11"]
[Round "?"]
[White "Cherry, Brian"]
[Black "Cayer, Jean"]
[Result "0-1"]
[WhiteElo "723"]
[BlackElo "959"]
[PlyCount "40"]
[EventDate "2012.05.01"]
[EventType "tourn (corr)"]
[EventRounds "6"]
[EventCountry "GER"]
[SourceTitle "Corr 2015"]
[Source "ChessBase"]
[SourceDate "2015.07.17"]
[SourceVersion "1"]
[SourceVersionDate "2015.07.17"]
[SourceQuality "1"]

1. e4 e5 2. Nf3 Nf6 3. Nc3 Bb4 4. Nxe5 0-0 5. d3 d5 6. exd5 Nxd5 7. Bd2 Bxc3 8. Bxc3 Re8 9. Qh5 Nxc3 10. bxc3 Qd5 11. d4 g6 12. Qg5 Nd7 13. f4 f6 14. Qg3 fxe5 15. fxe5 Nxe5 16. dxe5 Rxe5+ 17. Be2 Bf5 18. Qf4 Rxe2+ 19. Kxe2 Qxg2+ 20. Qf2 Re8+ 0-1

[Event "RN-2012-0-00475"]
[Site "LSS email"]
[Date "2012.04.27"]
[Round "?"]
[White "Neumann, Frank"]
[Black "Cayer, Jean"]
[Result "0-1"]
[WhiteElo "586"]
[BlackElo "999"]
[PlyCount "42"]
[EventDate "2012.04.16"]
[EventType "tourn (corr)"]
[EventRounds "6"]
[EventCountry "GER"]
[SourceTitle "Telechess CBM 153"]
[Source "ChessBase"]
[SourceDate "2013.03.14"]
[SourceVersion "1"]
[SourceVersionDate "2013.03.14"]
[SourceQuality "1"]

1. d4 Nf6 2. Nf3 e6 3. e3 b6 4. Be2 Bb7 5. 0-0 Be7 6. Nc3 0-0 7. b4 Bxb4 8. Bb2 Nc6 9. a3 Ba5 10. Qd3 d5 11. Ng5 Ne7 12. Nb5 a6 13. Nc3 Ng6 14. Bf3 c5 15. dxc5 bxc5 16. Rfd1 Rb8 17. Rab1 Nd7 18. a4 Qxg5 19. e4 Nf4 20. Qd2 Ne5 21. Ne2 Nxf3+ 0-1

[Event "LSS No Engine Cup 23 Preliminary 4"]
[Site "LSS email"]
[Date "2010.06.04"]
[Round "?"]
[White "Kerecsenyi, Zoltan"]
[Black "Cayer, Jean"]
[Result "1-0"]
[WhiteElo "1569"]
[BlackElo "862"]
[PlyCount "46"]
[EventDate "2010.06.05"]
[EventType "tourn (corr)"]
[EventRounds "6"]
[EventCountry "GER"]
[SourceTitle "Telechess CBM 147"]
[Source "ChessBase"]
[SourceDate "2012.03.16"]
[SourceVersion "1"]
[SourceVersionDate "2012.03.16"]
[SourceQuality "1"]

1. e4 e5 2. d4 exd4 3. f4 Bb4+ 4. c3 dxc3 5. Nxc3 Nf6 6. Qf3 d6 7. Bd2 0-0 8. Bd3 Re8 9. h3 c5 10. Nge2 Nc6 11. Rd1 a6 12. a3 Nd4 13. Nxd4 cxd4 14. axb4 dxc3 15. bxc3 b5 16. 0-0 Bb7 17. Rfe1 Qb6+ 18. Be3 Qc6 19. Bd4 Nxe4 20. Qh5 f6 21. Re3 Ng5 22. Rg3 Ne4 23. Rg4 Qd7 1-0

[Event "LSS No Engine Cup 23 Preliminary 4"]
[Site "LSS email"]
[Date "2010.06.04"]
[Round "?"]
[White "Loehr, Roland"]
[Black "Cayer, Jean"]
[Result "1-0"]
[WhiteElo "1839"]
[BlackElo "862"]
[PlyCount "36"]
[EventDate "2010.06.05"]
[EventType "tourn (corr)"]
[EventRounds "6"]
[EventCountry "GER"]
[SourceTitle "Telechess CBM 147"]
[Source "ChessBase"]
[SourceDate "2012.03.16"]
[SourceVersion "1"]
[SourceVersionDate "2012.03.16"]
[SourceQuality "1"]

1. c4 e5 2. Nc3 Nf6 3. e4 Bc5 4. g3 d6 5. Bg2 Be6 6. d3 Ng4 7. Nh3 h6 8. Nd5 c6 9. Ne3 Nxe3 10. Bxe3 Bb4+ 11. Bd2 Bxd2+ 12. Qxd2 c5 13. f4 Nc6 14. Nf2 Nd4 15. f5 Bd7 16. 0-0 Qg5 17. Qd1 0-0-0 18. Rb1 g6 1-0

[Event "LSS RN-2010-0-00290"]
[Site "LSS email"]
[Date "2010.05.26"]
[Round "?"]
[White "Cayer, Jean"]
[Black "Mori, Roberto"]
[Result "1/2-1/2"]
[WhiteElo "862"]
[BlackElo "651"]
[PlyCount "79"]
[EventDate "2010.05.10"]
[EventType "tourn (corr)"]
[EventRounds "6"]
[EventCountry "GER"]
[SourceTitle "Telechess CBM 147"]
[Source "ChessBase"]
[SourceDate "2012.03.16"]
[SourceVersion "1"]
[SourceVersionDate "2012.03.16"]
[SourceQuality "1"]

1. e4 e5 2. Nf3 Nc6 3. Bc4 Bc5 4. b4 Bb6 5. 0-0 Nf6 6. b5 Nd4 7. Nxd4 Bxd4 8. Nc3 0-0 9. Rb1 Bxc3 10. dxc3 Nxe4 11. Qf3 Nf6 12. Bg5 d6 13. Bxf6 Qxf6 14. Qxf6 gxf6 15. Bd5 Rb8 16. h3 b6 17. a4 Kh8 18. Rb4 Bf5 19. Rb2 Rbe8 20. g4 Be6 21. c4 f5 22. gxf5 Bxf5 23. Kh2 e4 24. Rb3 Re5 25. Rg3 Be6 26. Rfg1 Bxd5 27. cxd5 Rxd5 28. Rc3 Rc8 29. Rc4 Rd2 30. Rxe4 Rxf2+ 31. Rg2 Rf6 32. Re7 d5 33. Rd7 Rf4 34. Rxd5 h6 35. Rd7 Rg8 36. Rxc7 Rxg2+ 37. Kxg2 Rxa4 38. Rxf7 Ra2 39. Rf2 Kg7 40. c4 1/2-1/2

[Event "LSS RN-2010-0-00290"]
[Site "LSS email"]
[Date "2010.05.26"]
[Round "?"]
[White "Cayer, Jean"]
[Black "Vontina, Maria"]
[Result "1-0"]
[WhiteElo "862"]
[BlackElo "637"]
[PlyCount "47"]
[EventDate "2010.05.10"]
[EventType "tourn (corr)"]
[EventRounds "6"]
[EventCountry "GER"]
[SourceTitle "Telechess CBM 147"]
[Source "ChessBase"]
[SourceDate "2012.03.16"]
[SourceVersion "1"]
[SourceVersionDate "2012.03.16"]
[SourceQuality "1"]

1. e4 e6 2. d4 d5 3. e5 c5 4. Nf3 Nc6 5. c3 Qb6 6. Bd3 cxd4 7. Nxd4 Nxd4 8. cxd4 Bd7 9. Be3 Ne7 10. b3 Ng6 11. 0-0 Be7 12. Nc3 0-0 13. Rc1 Rac8 14. Qe2 a6 15. Rc2 Qb4 16. Rfc1 Rc6 17. Qd1 Rfc8 18. Na4 Rxc2 19. Bxc2 Bxa4 20. bxa4 Qa3 21. Bxg6 Rxc1 22. Bxc1 Qxa2 23. Qc2 hxg6 24. Qxa2 1-0